00248 a2200097 4500020001800000100003300018245003700051260003700088942000800125999001700133 a9781108002677 aGeorge Gabriel Stokes925468 aMathematical and Physical Papers bCambridge University Pressc2009 cTRB c14798d14798